00615nam a2200157Ia 4500008004100000100001900041245008600060245004300146260005600189260000900245300001100254650001300265856008700278999001900365952007300384170221s9999 xx 000 0 und d aWalsh, John H. aAML in the Spotlight: Compliance Risks for Broker-Dealers and Investment Advisers cJohn H. Walsh and Cecilia Baute Mavico bThe Journal of Business, Entrepreneurship & the Law c2012 a32 : 4 xBusiness uhttp://digitalcommons.pepperdine.edu/cgi/viewcontent.cgi?article=1106&context=jbel c311210d311210 001040aCLbCLd2017-02-21l0r2017-02-21 00:00:00w2017-02-21yFOJ